Kỹ năng thực hành quyền công tố và kiểm sát xét xử vụ án hình sự theo thủ tục giám đốc thẩm và tái thẩm
Sách gồm 2 phần trình bày thủ tục giám đốc thẩm, bản chất thủ tục tái thẩm, kỹ năng thực hành quyền công tố và kiểm sát xét xử vụ án theo thủ tục tái thẩm.
Saved in:
| Main Author: | |
|---|---|
| Format: | Book |
| Language: | Undetermined |
| Published: |
Hà Nội
Tư pháp
2010
|
| Subjects: | |
| Tags: |
Add Tag
No Tags, Be the first to tag this record!
|
| Institutions: | Trung tâm Học liệu Trường Đại học Cần Thơ |
|---|
| LEADER | 00965nam a2200205Ia 4500 | ||
|---|---|---|---|
| 001 | CTU_192761 | ||
| 008 | 210402s9999 xx 000 0 und d | ||
| 020 | |c 59000 | ||
| 082 | |a 345.59705 | ||
| 082 | |b B309 | ||
| 100 | |a Dương, Thanh Biểu | ||
| 245 | 0 | |a Kỹ năng thực hành quyền công tố và kiểm sát xét xử vụ án hình sự theo thủ tục giám đốc thẩm và tái thẩm | |
| 245 | 0 | |c Dương Thanh Biểu chủ biên | |
| 260 | |a Hà Nội | ||
| 260 | |b Tư pháp | ||
| 260 | |c 2010 | ||
| 520 | |a Sách gồm 2 phần trình bày thủ tục giám đốc thẩm, bản chất thủ tục tái thẩm, kỹ năng thực hành quyền công tố và kiểm sát xét xử vụ án theo thủ tục tái thẩm. | ||
| 650 | |a Criminal procedure,Tố tụng hình sự | ||
| 910 | |a Hải | ||
| 980 | |a Trung tâm Học liệu Trường Đại học Cần Thơ | ||